| 000 | 01397nam a22002057a 4500 | ||
|---|---|---|---|
| 003 | OSt | ||
| 005 | 20260406093138.0 | ||
| 008 | 260406b |||||||| |||| 00| 0 esp d | ||
| 082 | _29586771210 | ||
| 100 | _aZamora Editores | ||
| 245 | _aBiblioteca Práctica de Consulta del Nuevo Milenio Biología | ||
| 250 | _aVolumen 7 | ||
| 260 |
_a Bogotá, Colombia. _b Zamora Editores Ltda.. _c 2000 - 2001 |
||
| 300 |
_a252 páginas _c 21 x 14 cm. |
||
| 490 | _3Tapa de cartulina rústica con plastificado brillante. | ||
| 520 | _aEste volumen es un compendio visual y educativo sobre las ciencias biológicas, estructurado para cubrir los temas esenciales del programa escolar: La Célula: Estudio detallado de la estructura celular, organelos, funciones vitales y procesos de división (mitosis y meiosis). Genética: Introducción a las leyes de Mendel, el ADN, la herencia y la biotecnología. Reinos de la Naturaleza: Clasificación de los seres vivos, desde microorganismos hasta plantas y animales complejos. Anatomía y Fisiología Humana: Sistemas del cuerpo (digestivo, circulatorio, nervioso, etc.) y su funcionamiento. Ecología: Conceptos sobre ecosistemas, cadenas alimenticias y preservación del medio ambiente. | ||
| 650 |
_aBiología. _xEstudio y enseñanza / Manuales / Problemas, ejercicios, etc. _ySiglo XXI. _z Colombia |
||
| 700 | _aZamora Editores | ||
| 942 |
_2ddc _cBKA _n0 |
||
| 999 |
_c2042 _d2042 |
||